000 00296nam a22001217a 4500
082 _a894.812.3
_bPRA/E
100 _aPRABAKUMAR, T. N
245 _aENTE NADIDIKATHAKAL
_bMY FOLK TALE
260 _aTHIRUVANANTHAPURAM
_bAARSHASRI
_c2009
300 _a416
650 _aSHORT STORY
_zKERALA
942 _cBK
999 _c1616
_d1616